| 000 | 01165cam a2200289 i 4500 | ||
|---|---|---|---|
| 999 |
_c12514 _d12514 |
||
| 001 | 19286856 | ||
| 003 | MAJU-Karachi | ||
| 005 | 20200922121851.0 | ||
| 008 | 160923s2017 enkad b 001 0 eng | ||
| 010 | _a 2016043335 | ||
| 020 |
_a9781118935484 _q(hardback) |
||
| 040 |
_aDLC _beng _cDLC _erda _dDLC |
||
| 042 | _apcc | ||
| 050 | 0 | 0 |
_aS944.5.S63 _bC66 2017 |
| 082 | 0 | 0 |
_a333.72 _223 |
| 245 | 0 | 0 |
_aConservation criminology / _cedited by Meredith L. Gore, Michigan State University, USA. |
| 300 |
_axxiii, 224 pages : _billustrations, charts ; _c26 cm |
||
| 504 | _aIncludes bibliographical references and index. | ||
| 650 | 0 |
_aConservation of natural resources _xSocial aspects. |
|
| 650 | 0 |
_aNatural resources _xManagement _xSocial aspects. |
|
| 650 | 0 | _aWildlife crimes. | |
| 700 | 1 |
_aGore, Meredith L., _d1977- _eeditor. |
|
| 776 | 0 | 8 |
_iOnline version: _tConservation criminology _dChichester, West Sussex : John Wiley & Sons, Inc., 2017 _z9781118935491 _w(DLC) 2016044457 |
| 906 |
_a7 _bcbc _corignew _d1 _eecip _f20 _gy-gencatlg |
||
| 942 |
_2ddc _cPSYCHOLOGY |
||